| 000 | 00871nam a2200241Ia 4500 | ||
|---|---|---|---|
| 003 | GCL | ||
| 008 | 140319s9999 xx 000 0 ara d | ||
| 040 |
_aGCL / _cGCL |
||
| 082 | 0 | 4 |
_a325.309 _bح ا |
| 100 | 1 | _aحورية توفيق مجاهد | |
| 245 | 1 | 0 |
_aالاستعمار كظاهرة عالمية: حول الاستعمار والامبريالية والتبعية / _cحورية توفيق مجاهد |
| 260 |
_a[S.N] : _bمكتبة الانجلوالمصرية ، _c1990 |
||
| 300 | _a213 ص | ||
| 490 | _a | ||
| 650 | 0 | 4 | _aالدول النامية |
| 650 | 0 | 4 | _aالاستعمار |
| 650 | 0 | 4 | _aالاستعمار فى البلاد العربية |
| 650 | 0 | 4 | _aالامبريالية |
| 650 | 0 | 4 | _aالمساعدات الفنية |
| 650 | 0 | 4 | _aالمساعدات العسكرية |
| 650 | 0 | 4 | _aالاستعمار الجديد |
| 942 |
_2ddc _cBK |
||
| 999 |
_c32356 _d32356 |
||